[Event "European Championship"]
[Site "Plovdiv BUL"]
[Date "2012.03.20"]
[Round "1"]
[White "Jobava, Baadur"]
[Black "Paichadze, Luka"]
[Result "1/2-1/2"]
[WhiteElo "2706"]
[BlackElo "2491"]
[PlyCount "82"]
[EventDate "2012.??.??"]
[EventRounds "11"]
[EventCountry "BUL"]

1. Nf3 Nf6 2. c4 e6 3. d4 Bb4+ 4. Nc3 b6 5. Bg5 Bb7 6. Nd2 O-O 7. e4 Be7 8. Be3
d6 9. g4 Nfd7 10. d5 c6 11. Bg2 Bg5 12. f4 Bh4+ 13. Kf1 exd5 14. exd5 Re8 15.
Nde4 Nf6 16. Nxf6+ Bxf6 17. Qd2 Bxc3 18. Qxc3 Qc8 19. Bd4 Qxg4 20. Bf3 Qh3+ 21.
Kf2 Qh4+ 22. Kg2 cxd5 23. Rhg1 f6 24. Kh1 Nd7 25. Rg4 Qh3 26. Rag1 Re7 27. Qa3
Kh8 28. cxd5 Nc5 29. Rxg7 Rxg7 30. Bxf6 Rag8 31. Qc3 Ne6 32. Rg2 Bxd5 33. Bxd5
Qxc3 34. Bxc3 Nxf4 35. Bxg8 Nxg2 36. Bxh7 Ne3 37. Bd3 Nd1 38. Bd4 Kg8 39. Bc4+
Kf8 40. Bxg7+ Kxg7 41. b4 a5 1/2-1/2

[Event "European Championship"]
[Site "Plovdiv BUL"]
[Date "2012.03.20"]
[Round "1"]
[White "Malakhov, Vladimir"]
[Black "Filip, Lucian"]
[Result "1-0"]
[WhiteElo "2705"]
[BlackElo "2483"]
[PlyCount "51"]
[EventDate "2012.??.??"]
[EventRounds "11"]
[EventCountry "BUL"]

1. d4 Nf6 2. c4 e6 3. Nc3 Bb4 4. Qc2 c5 5. dxc5 O-O 6. a3 Bxc5 7. Nf3 b6 8. Bf4
Bb7 9. Rd1 Nc6 10. e3 Nh5 11. Bg3 h6 12. Be2 Nxg3 13. hxg3 Be7 14. g4 Rc8 15.
Qd2 Na5 16. Qxd7 Qxd7 17. Rxd7 Bf6 18. O-O Bxf3 19. gxf3 Bxc3 20. bxc3 Rfd8 21.
Rfd1 Rxd7 22. Rxd7 Nxc4 23. Rxa7 Na5 24. Bb5 Kf8 25. a4 Nc4 26. Rb7 1-0

[Event "European Championship"]
[Site "Plovdiv BUL"]
[Date "2012.03.20"]
[Round "1"]
[White "Mamedyarov, Shakhriyar"]
[Black "Drenchev, Petar"]
[Result "1/2-1/2"]
[WhiteElo "2752"]
[BlackElo "2499"]
[PlyCount "103"]
[EventDate "2012.??.??"]
[EventRounds "11"]
[EventCountry "BUL"]

1. d4 Nf6 2. c4 e6 3. Nc3 d5 4. Bg5 Be7 5. e3 O-O 6. Qc2 Nbd7 7. cxd5 exd5 8.
Nf3 c6 9. Bd3 Re8 10. O-O Nf8 11. Rae1 Ne4 12. Bxe7 Qxe7 13. Bxe4 dxe4 14. Nd2
f5 15. f3 exf3 16. Nxf3 Ng6 17. e4 f4 18. h3 Be6 19. Kh2 Bc4 20. Rf2 Rad8 21.
Rd2 Bf7 22. Rd3 a5 23. a3 Qc7 24. Nb1 Qb6 25. Nbd2 Qa6 26. Rc3 Nf8 27. Nb3 Qb6
28. Nc5 Nd7 29. Qc1 Nxc5 30. Rxc5 Bg6 31. e5 Bh5 32. Re4 Bxf3 33. gxf3 Qb3 34.
Rc3 Qb6 35. Rc5 Qb3 36. Rxf4 Rf8 37. Rc3 Qb6 38. Rxf8+ Kxf8 39. Qf4+ Kg8 40.
Rd3 Qxb2+ 41. Kg3 Re8 42. h4 Qe2 43. Qd2 Qxd2 44. Rxd2 c5 45. Kf4 cxd4 46. a4
Rb8 47. Rxd4 b5 48. axb5 Rxb5 49. Kf5 Rb8 50. Ra4 Ra8 51. Ke6 Ra6+ 52. Kd7
1/2-1/2

[Event "European Championship"]
[Site "Plovdiv BUL"]
[Date "2012.03.20"]
[Round "1"]
[White "Movsesian, Sergei"]
[Black "Perunovic, Miodrag"]
[Result "1-0"]
[WhiteElo "2702"]
[BlackElo "2481"]
[PlyCount "47"]
[EventDate "2012.??.??"]
[EventRounds "11"]
[EventCountry "BUL"]

1. e4 c5 2. Nf3 d6 3. d4 cxd4 4. Nxd4 Nf6 5. Nc3 a6 6. Be2 e5 7. Nb3 Be7 8. g4
h6 9. Be3 Be6 10. Bf3 Nbd7 11. Qe2 Rc8 12. O-O-O Qc7 13. h4 Qc4 14. Rd3 b5 15.
Rg1 Nh7 16. Nd5 Bd8 17. Qd2 Qc6 18. Nb4 Qb7 19. Rxd6 Be7 20. Na5 Qa8 21. Nbc6
Bxh4 22. Rd1 Nhf8 23. g5 hxg5 24. Bxg5 1-0

[Event "European Championship"]
[Site "Plovdiv BUL"]
[Date "2012.03.20"]
[Round "1"]
[White "Navara, David"]
[Black "Kovalev, Vladislav"]
[Result "1/2-1/2"]
[WhiteElo "2700"]
[BlackElo "2477"]
[PlyCount "81"]
[EventDate "2012.??.??"]
[EventRounds "11"]
[EventCountry "BUL"]

1. e4 e5 2. Nf3 Nc6 3. Bb5 a6 4. Ba4 Nf6 5. O-O Be7 6. Re1 b5 7. Bb3 d6 8. c3
O-O 9. h3 Bb7 10. d4 Re8 11. Nbd2 Bf8 12. Bc2 h6 13. d5 Ne7 14. c4 bxc4 15.
Nxc4 c6 16. dxc6 Nxc6 17. Ba4 Nxe4 18. Rxe4 d5 19. Rxe5 dxc4 20. Rxe8 Qxd1+ 21.
Bxd1 Rxe8 22. Be3 Nb4 23. Ba4 Rc8 24. Ne5 Nd5 25. Bd2 Bd6 26. Re1 c3 27. bxc3
Nxc3 28. Bxc3 Rxc3 29. Bb3 Bxe5 30. Rxe5 Kf8 31. f3 f6 32. Re6 Rc6 33. Re3 Rc5
34. Kf2 Bd5 35. Bxd5 Rxd5 36. Ra3 a5 37. Ke3 Kf7 38. Rb3 Re5+ 39. Kf2 Rc5 40.
Kg3 Kg6 41. Ra3 1/2-1/2

[Event "European Championship"]
[Site "Plovdiv BUL"]
[Date "2012.03.20"]
[Round "1"]
[White "Nigalidze, Gaioz"]
[Black "Efimenko, Zahar"]
[Result "1/2-1/2"]
[WhiteElo "2472"]
[BlackElo "2695"]
[PlyCount "81"]
[EventDate "2012.??.??"]
[EventRounds "11"]
[EventCountry "BUL"]

1. d4 Nf6 2. c4 e6 3. Nf3 b6 4. g3 Bb7 5. Bg2 Be7 6. O-O O-O 7. Nc3 Ne4 8. Qd3
Nxc3 9. Qxc3 Be4 10. b3 d6 11. Bb2 Nd7 12. Ne1 Bxg2 13. Nxg2 c6 14. e4 d5 15.
cxd5 cxd5 16. exd5 exd5 17. Rac1 Bg5 18. Rc2 Rc8 19. Qd3 Rxc2 20. Qxc2 Nf6 21.
f3 g6 22. Bc1 Bxc1 23. Rxc1 Qe7 24. Qd2 Kg7 25. Kf2 Qd7 26. Qf4 Re8 27. g4 Qb5
28. Re1 Rxe1 29. Nxe1 Nd7 30. Qd6 Nf8 31. Ng2 Ne6 32. Nf4 Nxf4 33. Qxf4 Qd7 34.
h4 h6 35. Qe5+ f6 36. Qb8 h5 37. gxh5 gxh5 38. Qg3+ Kf7 39. Qf4 Kg6 40. Qg3+
Kf7 41. Qf4 1/2-1/2

[Event "European Championship"]
[Site "Plovdiv BUL"]
[Date "2012.03.20"]
[Round "1"]
[White "Pancevski, Filip"]
[Black "Volokitin, Andrei"]
[Result "1-0"]
[WhiteElo "2470"]
[BlackElo "2695"]
[PlyCount "89"]
[EventDate "2012.??.??"]
[EventRounds "11"]
[EventCountry "BUL"]

1. e4 c5 2. Nf3 d6 3. Nc3 Nf6 4. d4 cxd4 5. Nxd4 a6 6. h3 e5 7. Nde2 h5 8. g3
b5 9. Bg2 Bb7 10. O-O Be7 11. a4 b4 12. Nd5 Nxd5 13. exd5 a5 14. Be3 Ba6 15.
Re1 h4 16. g4 O-O 17. Qd2 Nd7 18. Rac1 Nc5 19. b3 Rc8 20. Kh1 Rc7 21. f4 Bxe2
22. Rxe2 exf4 23. Bxf4 Bf6 24. g5 Bc3 25. Qe3 g6 26. Rf1 Kg7 27. Rf3 Rh8 28.
Rf1 Qf8 29. Qf3 Qd8 30. Re3 Bd4 31. Re2 Bc3 32. Qf2 Rh5 33. Qe3 Rh8 34. Qf2 Qd7
35. Qf3 Qd8 36. Qf2 Kg8 37. Qe3 Kg7 38. Qf2 Qd7 39. Qf3 Rd8 40. Qf2 Rcc8 41.
Bxd6 Nb7 42. Be7 Rf8 43. Bf6+ Kg8 44. Qxh4 Bxf6 45. gxf6 1-0

[Event "European Championship"]
[Site "Plovdiv BUL"]
[Date "2012.03.20"]
[Round "1"]
[White "Soffer, Ram"]
[Black "Bacrot, Etienne"]
[Result "0-1"]
[WhiteElo "2492"]
[BlackElo "2706"]
[PlyCount "94"]
[EventDate "2012.??.??"]
[EventRounds "11"]
[EventCountry "BUL"]

1. d4 Nf6 2. c4 g6 3. Nc3 Bg7 4. e4 d6 5. Nf3 O-O 6. Be2 e5 7. O-O Nc6 8. d5
Ne7 9. Nd2 Nd7 10. b4 f5 11. c5 dxc5 12. bxc5 Nxc5 13. Ba3 b6 14. Bc4 Kh8 15.
Bxc5 bxc5 16. Nb3 fxe4 17. Nxe4 Bb7 18. Nbxc5 Bxd5 19. Bxd5 Qxd5 20. Qxd5 Nxd5
21. Rfd1 c6 22. Rac1 Rfb8 23. Ne6 Rb6 24. Nd6 Nf4 25. Nxf4 exf4 26. Nf7+ Kg8
27. Nd8 Rc8 28. Ne6 Bh6 29. Rc4 Rb2 30. a4 a5 31. h4 Rb4 32. Rdd4 Re8 33. Ng5
Bf8 34. Ne4 c5 35. Rxb4 axb4 36. Rc4 b3 37. Kf1 b2 38. Nc3 Bg7 39. Nb1 Bd4 40.
a5 Kf7 41. a6 Ke6 42. Ke2 Kd5+ 43. Kd3 Kc6 44. Ra4 Kb6 45. Ra3 Ka7 46. Rb3 Re1
47. Nd2 Kxa6 0-1

[Event "European Championship"]
[Site "Plovdiv BUL"]
[Date "2012.03.21"]
[Round "2"]
[White "Bacrot, Etienne"]
[Black "Ruck, Robert"]
[Result "1-0"]
[WhiteElo "2706"]
[BlackElo "2579"]
[PlyCount "105"]
[EventDate "2012.03.20"]
[EventRounds "11"]
[EventCountry "BUL"]

1. Nf3 Nf6 2. c4 c5 3. g3 d5 4. cxd5 Nxd5 5. Bg2 Nc6 6. Nc3 Nc7 7. O-O e5 8. a3
Rb8 9. Rb1 f6 10. d3 Be7 11. Be3 Be6 12. Nd2 Qd7 13. b4 cxb4 14. axb4 Bxb4 15.
Bxc6 Qxc6 16. Rxb4 Qxc3 17. Rb1 Qc6 18. Qc1 O-O 19. Bxa7 Ra8 20. Qxc6 bxc6 21.
Bc5 Rfc8 22. Rb2 Nb5 23. Rc1 Ra2 24. Rxa2 Bxa2 25. f4 exf4 26. gxf4 Kf7 27. Kf2
Be6 28. Ra1 g5 29. fxg5 fxg5 30. e4 Kg6 31. Nf3 h6 32. Ne5+ Kf6 33. d4 Bf7 34.
Ke3 Be8 35. Rf1+ Kg7 36. Bf8+ Kh7 37. Rf6 h5 38. Nf3 h4 39. Nxg5+ Kg8 40. Be7
Kg7 41. Ne6+ Kh7 42. Rf4 h3 43. Rf3 Kg8 44. Rf8+ Kh7 45. Bc5 Kg6 46. Nf4+ Kg7
47. Nh5+ Kg6 48. Nf6 Nc7 49. Bd6 Kg7 50. e5 Nd5+ 51. Kf2 Nxf6 52. exf6+ Kg6 53.
f7 1-0

[Event "European Championship"]
[Site "Plovdiv BUL"]
[Date "2012.03.21"]
[Round "2"]
[White "Caruana, Fabiano"]
[Black "Banusz, Tamas"]
[Result "1-0"]
[WhiteElo "2767"]
[BlackElo "2583"]
[PlyCount "137"]
[EventDate "2012.03.20"]
[EventRounds "11"]
[EventCountry "BUL"]

1. e4 e5 2. Nf3 Nc6 3. Bb5 Nf6 4. d3 Bc5 5. O-O Nd4 6. Nxd4 Bxd4 7. Nd2 c6 8.
Ba4 d6 9. Bb3 O-O 10. c3 Bb6 11. Nc4 Bc7 12. Bg5 h6 13. Bh4 Be6 14. Ne3 g5 15.
Bg3 d5 16. Qf3 Kg7 17. Nf5+ Bxf5 18. Qxf5 dxe4 19. dxe4 Qc8 20. Qf3 Qg4 21.
Qxg4 Nxg4 22. f3 Nf6 23. Rfd1 Rfd8 24. a4 Nh5 25. Be1 Nf4 26. Bc4 Kf6 27. Kf1
Ke7 28. g3 Rxd1 29. Rxd1 Ne6 30. Ke2 Bb6 31. Bd2 a5 32. Rh1 Rg8 33. Be1 h5 34.
h4 g4 35. Bd2 gxf3+ 36. Kxf3 Rg4 37. b3 Nc5 38. Re1 Ne6 39. Bc1 Rg6 40. Re2
Rf6+ 41. Kg2 Rg6 42. Ra2 Bc5 43. Bd2 Ba7 44. Ra1 Nc5 45. Rf1 f6 46. Be3 Nxe4
47. Bxa7 Rxg3+ 48. Kh2 Rxc3 49. Rg1 Rc2+ 50. Rg2 Nd2 51. Bc5+ Kd8 52. Bb6+ Kd7
53. Be2 Rc1 54. Rg7+ Ke6 55. Bxh5 f5 56. Rxb7 Rc2 57. Kg1 Rc1+ 58. Kg2 Rc2 59.
Bf7+ Kd6 60. h5 Ne4+ 61. Kf1 f4 62. Bg6 Ng3+ 63. Kg1 e4 64. h6 Ne2+ 65. Kh2
Nd4+ 66. Kh3 Nf3 67. Bc7+ Ke6 68. Bxf4 Ng1+ 69. Kh4 1-0

[Event "European Championship"]
[Site "Plovdiv BUL"]
[Date "2012.03.21"]
[Round "2"]
[White "Damljanovic, Branko"]
[Black "Vitiugov, Nikita"]
[Result "0-1"]
[WhiteElo "2582"]
[BlackElo "2709"]
[PlyCount "118"]
[EventDate "2012.03.20"]
[EventRounds "11"]
[EventCountry "BUL"]

1. c4 c5 2. Nf3 Nc6 3. Nc3 Nf6 4. g3 d6 5. Bg2 g6 6. d4 cxd4 7. Nxd4 Bd7 8. Nc2
Bg7 9. Bd2 Qc8 10. h3 O-O 11. Rc1 Re8 12. Ne3 Nh5 13. b3 Ne5 14. Ned5 Bc6 15.
g4 Nf6 16. f4 Ned7 17. O-O e6 18. Nxf6+ Bxf6 19. e4 Qc7 20. Be3 Rad8 21. b4 Nb6
22. Qb3 Bg7 23. Rfd1 Qe7 24. b5 Bd7 25. a4 Rc8 26. c5 dxc5 27. a5 Na8 28. e5 b6
29. Ne4 Red8 30. axb6 axb6 31. Nd6 Rb8 32. Ra1 Be8 33. g5 Bf8 34. Rd2 Nc7 35.
Ra7 Rd7 36. Bc6 Nd5 37. Bxd7 Bxd7 38. Rda2 Qd8 39. Bd2 Bxd6 40. exd6 Be8 41. d7
Bxd7 42. Qb2 Rc8 43. Qe5 Bxb5 44. Bc1 c4 45. Rd2 c3 46. Rd4 Qf8 47. Kf2 Qg7 48.
Qxg7+ Kxg7 49. h4 Bc4 50. h5 gxh5 51. f5 exf5 52. Rd7 Nb4 53. Bf4 c2 54. Be5+
Kg6 55. R4d6+ Kxg5 56. Bb2 f4 57. Rxb6 Nd3+ 58. Rxd3 Bxd3 59. Bc1 Be4 0-1

[Event "European Championship"]
[Site "Plovdiv BUL"]
[Date "2012.03.21"]
[Round "2"]
[White "Drenchev, Petar"]
[Black "Jobava, Baadur"]
[Result "1/2-1/2"]
[WhiteElo "2499"]
[BlackElo "2706"]
[PlyCount "119"]
[EventDate "2012.03.20"]
[EventRounds "11"]
[EventCountry "BUL"]

1. d4 Nf6 2. c4 e6 3. Nf3 Bb4+ 4. Bd2 Bxd2+ 5. Qxd2 d5 6. Nc3 O-O 7. e3 Qe7 8.
Bd3 Rd8 9. O-O dxc4 10. Bxc4 c5 11. Qc2 cxd4 12. Nxd4 Bd7 13. Rfd1 Nc6 14. h3
h6 15. Nxc6 Bxc6 16. Bb5 Bxb5 17. Nxb5 Rdc8 18. Qe2 Rc5 19. Rac1 Rac8 20. Rxc5
Qxc5 21. Nc3 a6 22. a3 Qb6 23. Rd4 Rd8 24. Na4 Qc7 25. Rxd8+ Qxd8 26. Nc5 Qc7
27. Nd3 Ne4 28. Qd1 Kf8 29. Qa4 Nd6 30. Qd4 b6 31. Qe5 a5 32. a4 Qc6 33. b3 Ne8
34. Qb2 f6 35. Qc1 Qd6 36. Qc2 Nc7 37. Nf4 Kg8 38. h4 e5 39. Qc4+ Kh8 40. Ng6+
Kh7 41. Nf8+ Qxf8 42. Qxc7 Qb4 43. Qc2+ e4 44. g3 h5 45. Qd1 Qc5 46. Qd8 Qc6
47. Qd1 Kh6 48. Qd4 g5 49. hxg5+ Kxg5 50. Kg2 Kf5 51. Qd1 Kg6 52. Qd4 Kg5 53.
Qd2 Qe6 54. b4 axb4 55. Qxb4 h4 56. Qb5+ f5 57. a5 bxa5 58. Qxa5 hxg3 59. Qd8+
Kg4 60. Qd1+ 1/2-1/2

[Event "European Championship"]
[Site "Plovdiv BUL"]
[Date "2012.03.21"]
[Round "2"]
[White "Ernst, Sipke"]
[Black "Movsesian, Sergei"]
[Result "1/2-1/2"]
[WhiteElo "2578"]
[BlackElo "2702"]
[PlyCount "45"]
[EventDate "2012.03.20"]
[EventRounds "11"]
[EventCountry "BUL"]

1. d4 d5 2. c4 c6 3. Nf3 Nf6 4. Nc3 a6 5. g3 dxc4 6. a4 e6 7. Bg2 c5 8. dxc5
Qxd1+ 9. Nxd1 Bd7 10. Ne5 Nc6 11. Nxc4 Bxc5 12. Be3 Bxe3 13. Ndxe3 Ke7 14. f4
Rhd8 15. Kf2 Rab8 16. Rhc1 Nd4 17. Ra3 Bc6 18. Ne5 Bxg2 19. Rc7+ Kd6 20. Rc4
Ke7 21. Rc7+ Kd6 22. Rc4 Ke7 23. Rc7+ 1/2-1/2

[Event "European Championship"]
[Site "Plovdiv BUL"]
[Date "2012.03.21"]
[Round "2"]
[White "Grachev, Boris"]
[Black "Berescu, Alin-Mile"]
[Result "1-0"]
[WhiteElo "2705"]
[BlackElo "2494"]
[PlyCount "85"]
[EventDate "2012.03.20"]
[EventRounds "11"]
[EventCountry "BUL"]

1. c4 e6 2. Nc3 d5 3. d4 c6 4. e3 Nf6 5. Nf3 Nbd7 6. Qc2 Bd6 7. Bd3 O-O 8. O-O
dxc4 9. Bxc4 b5 10. Be2 Bb7 11. e4 e5 12. Rd1 Qb8 13. dxe5 Nxe5 14. Nd4 Neg4
15. g3 b4 16. Bxg4 Nxg4 17. Na4 g6 18. Nc5 Bxc5 19. Qxc5 Qe5 20. Qxe5 Nxe5 21.
Bf4 Rfe8 22. Nb3 Ba6 23. Bxe5 Rxe5 24. f4 Ree8 25. Rd4 Rab8 26. Rc1 Rb6 27. Kf2
Kg7 28. Ke3 Re7 29. Rc5 Rc7 30. g4 Bc8 31. f5 gxf5 32. gxf5 f6 33. Rd6 Kf7 34.
Kf4 Ke7 35. Rd3 Rd7 36. Rh3 Kf8 37. Rc2 Rg7 38. Na5 Bd7 39. Nc4 Rb5 40. Rd2 Rb8
41. Rh6 Ke7 42. e5 fxe5+ 43. Nxe5 1-0

[Event "European Championship"]
[Site "Plovdiv BUL"]
[Date "2012.03.21"]
[Round "2"]
[White "Jakovenko, Dmitry"]
[Black "Kuljasevic, Davorin"]
[Result "1-0"]
[WhiteElo "2729"]
[BlackElo "2580"]
[PlyCount "102"]
[EventDate "2012.03.20"]
[EventRounds "11"]
[EventCountry "BUL"]

1. e4 e6 2. d4 d5 3. e5 c5 4. c3 Nc6 5. Nf3 Bd7 6. Be2 Nge7 7. O-O Rc8 8. a3
cxd4 9. cxd4 Na5 10. Nc3 Qb6 11. b4 Nc4 12. Na4 Qc7 13. Nc5 Bc6 14. a4 b6 15.
Nd3 Bd7 16. h4 h6 17. h5 Nc6 18. b5 N6a5 19. Nh2 a6 20. bxa6 Nc6 21. Nb2 Bb4
22. Bxc4 dxc4 23. Nxc4 Nxd4 24. Nd6+ Bxd6 25. exd6 Qxd6 26. Be3 Nf5 27. Qxd6
Nxd6 28. Bxb6 Ra8 29. a7 Nc8 30. Bd4 Nxa7 31. Bxg7 Rh7 32. Bf6 Nc6 33. Ng4 e5
34. Nxe5 Nxe5 35. Rfe1 Ra6 36. Rxe5+ Kf8 37. Rd1 Rxf6 38. Rxd7 Kg7 39. a5 Rh8
40. Rdd5 Rb8 41. Rf5 Rb2 42. Rxf6 Kxf6 43. g4 Ke6 44. Rf5 Rb4 45. f3 Rb2 46.
Kf1 Ra2 47. Ke1 f6 48. Kd1 Rb2 49. Kc1 Ra2 50. Kb1 Ra3 51. Kb2 Ra4 1-0

[Event "European Championship"]
[Site "Plovdiv BUL"]
[Date "2012.03.21"]
[Round "2"]
[White "Maze, Sebastien"]
[Black "Dreev, Alexey"]
[Result "1/2-1/2"]
[WhiteElo "2577"]
[BlackElo "2698"]
[PlyCount "88"]
[EventDate "2012.03.20"]
[EventRounds "11"]
[EventCountry "BUL"]

1. d4 d5 2. c4 c6 3. Nc3 Nf6 4. Nf3 e6 5. Bg5 Nbd7 6. e3 Qa5 7. Nd2 Bb4 8. Qc2
O-O 9. Be2 c5 10. Nb3 Qa4 11. Bxf6 Nxf6 12. dxc5 dxc4 13. Bxc4 Qc6 14. O-O Bxc5
15. Nxc5 Qxc5 16. Ne4 Nxe4 17. Qxe4 Qb6 18. Bd3 g6 19. Qe5 Bd7 20. h4 Rac8 21.
Rac1 Bc6 22. h5 Qc7 23. Qxc7 Rxc7 24. hxg6 hxg6 25. Rfd1 Rd8 26. Be2 Rxd1+ 27.
Bxd1 Rd7 28. Bc2 Rd2 29. a4 g5 30. Kf1 g4 31. Ke1 Rd8 32. Rd1 Rxd1+ 33. Bxd1 g3
34. fxg3 Bxg2 35. b4 b6 36. Kd2 Kf8 37. Kc3 Ke7 38. a5 Kd6 39. axb6 axb6 40.
Kd4 e5+ 41. Kd3 f6 42. e4 Bf1+ 43. Ke3 Kc6 44. Ba4+ Kd6 1/2-1/2

[Event "European Championship"]
[Site "Plovdiv BUL"]
[Date "2012.03.21"]
[Round "2"]
[White "Naiditsch, Arkadij"]
[Black "Papin, Vasily"]
[Result "1-0"]
[WhiteElo "2702"]
[BlackElo "2575"]
[PlyCount "105"]
[EventDate "2012.03.20"]
[EventRounds "11"]
[EventCountry "BUL"]

1. c4 e6 2. g3 d5 3. Bg2 Nf6 4. Nf3 dxc4 5. Qa4+ Nbd7 6. Qxc4 a6 7. Qb3 c5 8.
a4 Rb8 9. a5 Bd6 10. d3 Nd5 11. Nc3 Bc7 12. O-O Nxc3 13. Qxc3 O-O 14. Bf4 Bxf4
15. gxf4 b6 16. Ne5 Nxe5 17. Qxe5 Bb7 18. Rfc1 Bd5 19. h3 Re8 20. axb6 Bxg2 21.
Kxg2 Qxb6 22. Rxc5 Qxb2 23. Rxa6 Qb7+ 24. Rac6 Rbc8 25. Qe4 Rxc6 26. Rxc6 Qd7
27. Qc4 h6 28. Rc7 Qd8 29. Kg3 Qb8 30. Qc5 Qb1 31. Kg2 Qb2 32. Qc6 Rf8 33. Qe4
Qa2 34. Qe5 Qa8+ 35. Kh2 Rb8 36. f5 exf5 37. Qxf5 Rf8 38. Rd7 Qb8+ 39. Kg2 Qa8+
40. e4 Qc6 41. d4 g6 42. Qd5 Qc1 43. Rd8 Rxd8 44. Qxd8+ Kg7 45. Qe7 g5 46. Qe5+
f6 47. Qe7+ Kg6 48. Qe8+ Kg7 49. Qd7+ Kg6 50. d5 h5 51. Qf5+ Kg7 52. d6 Qc6 53.
d7 1-0

[Event "European Championship"]
[Site "Plovdiv BUL"]
[Date "2012.03.21"]
[Round "2"]
[White "Nyzhnyk, Illya"]
[Black "Giri, Anish"]
[Result "1-0"]
[WhiteElo "2585"]
[BlackElo "2717"]
[PlyCount "57"]
[EventDate "2012.03.20"]
[EventRounds "11"]
[EventCountry "BUL"]

1. d4 Nf6 2. c4 e6 3. Nf3 d5 4. Nc3 c6 5. g3 dxc4 6. Bg2 b5 7. Ne5 a6 8. a4 Bb7
9. O-O Be7 10. axb5 axb5 11. Rxa8 Bxa8 12. Nxb5 cxb5 13. Bxa8 O-O 14. Bg2 Nd5
15. f4 Bd6 16. e3 Bxe5 17. fxe5 Nc6 18. Qg4 Qd7 19. h4 Ncb4 20. h5 Nd3 21. h6
f5 22. exf6 Rxf6 23. Bxd5 Rxf1+ 24. Kxf1 Qf7+ 25. Bf3 Nxc1 26. d5 Nd3 27. dxe6
Qe7 28. Bd5 Kf8 29. Qxg7+ 1-0

[Event "European Championship"]
[Site "Plovdiv BUL"]
[Date "2012.03.21"]
[Round "2"]
[White "Paichadze, Luka"]
[Black "Mamedyarov, Shakhriyar"]
[Result "1/2-1/2"]
[WhiteElo "2491"]
[BlackElo "2752"]
[PlyCount "81"]
[EventDate "2012.03.20"]
[EventRounds "11"]
[EventCountry "BUL"]

1. e4 c5 2. Nf3 Nc6 3. Bb5 d6 4. O-O Bd7 5. Re1 Nf6 6. d4 cxd4 7. Nxd4 g6 8.
Bxc6 bxc6 9. Nf3 e5 10. c4 Qe7 11. b3 Bg4 12. Nc3 Nd7 13. h3 Bxf3 14. Qxf3 Bg7
15. Ba3 O-O 16. Rad1 Nc5 17. Na4 Rfd8 18. Nxc5 dxc5 19. Qc3 Rd4 20. Qa5 Bf8 21.
Bb2 Rd6 22. Rxd6 Qxd6 23. Bc1 f6 24. Be3 Kf7 25. f3 Ke8 26. Kf2 Qd8 27. Qxd8+
Rxd8 28. Ke2 a5 29. Rd1 Ra8 30. a4 Be7 31. Rd3 Ra7 32. g3 Rd7 33. f4 Rxd3 34.
Kxd3 Kd7 35. Bd2 Bd8 36. Ke3 Ke6 37. Kf3 Kf7 38. Kg4 h5+ 39. Kf3 g5 40. fxe5
fxe5 41. g4 1/2-1/2

[Event "European Championship"]
[Site "Plovdiv BUL"]
[Date "2012.03.21"]
[Round "2"]
[White "Riazantsev, Alexander"]
[Black "Grigorov, Grigor"]
[Result "1-0"]
[WhiteElo "2710"]
[BlackElo "2489"]
[PlyCount "107"]
[EventDate "2012.03.20"]
[EventRounds "11"]
[EventCountry "BUL"]

1. d4 Nf6 2. c4 g6 3. Nc3 d5 4. Nf3 Bg7 5. Bf4 O-O 6. Rc1 dxc4 7. e4 Bg4 8. Be3
Nfd7 9. Bxc4 Bxf3 10. gxf3 Nb6 11. Bb5 e6 12. h4 a6 13. Be2 Nc6 14. e5 Qe7 15.
Rc2 Nb4 16. Rd2 N4d5 17. Ne4 Nxe3 18. fxe3 Nd5 19. Qb3 c5 20. f4 cxd4 21. Rxd4
b5 22. Nd6 Rad8 23. h5 Qc7 24. Rxd5 exd5 25. Qxd5 Rfe8 26. h6 Rxd6 27. Qxd6
Qxd6 28. exd6 Bxb2 29. Kf2 Rd8 30. Rd1 Ba3 31. d7 Kf8 32. Bf3 Ke7 33. Bc6 Bd6
34. Kf3 Bc7 35. e4 Rb8 36. e5 a5 37. Rd5 b4 38. Ba4 Bd8 39. Ke4 Ra8 40. Rd6 Ra7
41. Rf6 Rc7 42. Bb3 Kxd7 43. Rxf7+ Kc6 44. Rg7 Kc5 45. Ba4 Re7 46. Kd3 Kd5 47.
Bb3+ Kc5 48. Bg8 a4 49. Bxh7 b3 50. axb3 a3 51. Bg8 Kb4 52. Rxe7 Bxe7 53. Kc2
Bf8 54. e6 1-0

[Event "European Championship"]
[Site "Plovdiv BUL"]
[Date "2012.03.21"]
[Round "2"]
[White "Savchenko, Boris"]
[Black "Malakhov, Vladimir"]
[Result "1-0"]
[WhiteElo "2580"]
[BlackElo "2705"]
[PlyCount "59"]
[EventDate "2012.03.20"]
[EventRounds "11"]
[EventCountry "BUL"]

1. e4 e5 2. Nf3 Nc6 3. Bb5 Nf6 4. Qe2 Bd6 5. d3 O-O 6. c3 Re8 7. Nbd2 Bf8 8.
Nf1 d6 9. Ba4 Bd7 10. Bc2 Ne7 11. Ne3 Ng6 12. g3 d5 13. exd5 c6 14. dxc6 Bxc6
15. O-O Nd5 16. Qd1 Ndf4 17. gxf4 Nxf4 18. Re1 Re6 19. Nf5 Rg6+ 20. Ng3 Qd7 21.
d4 Qh3 22. Bxf4 exf4 23. Bxg6 hxg6 24. d5 fxg3 25. dxc6 gxf2+ 26. Kxf2 Bc5+ 27.
Nd4 Qxh2+ 28. Ke3 bxc6 29. Kd3 Rd8 30. Qe2 1-0

[Event "European Championship"]
[Site "Plovdiv BUL"]
[Date "2012.03.21"]
[Round "2"]
[White "Stojanovic, Dalibor"]
[Black "Navara, David"]
[Result "1/2-1/2"]
[WhiteElo "2471"]
[BlackElo "2700"]
[PlyCount "80"]
[EventDate "2012.03.20"]
[EventRounds "11"]
[EventCountry "BUL"]

1. e4 c5 2. Nf3 d6 3. Bb5+ Nc6 4. O-O Bd7 5. c3 Nf6 6. Re1 a6 7. Ba4 b5 8. Bc2
Bg4 9. d4 cxd4 10. cxd4 e5 11. Be3 exd4 12. Bxd4 Bxf3 13. gxf3 Nxd4 14. Qxd4
Be7 15. Nc3 O-O 16. Rad1 Qc8 17. Bb3 Qh3 18. Qe3 Rac8 19. f4 Qh5 20. Nd5 Nxd5
21. Rxd5 Qh6 22. Qg3 Rc5 23. Red1 Rfc8 24. Qg4 Qg6 25. Qxg6 hxg6 26. e5 dxe5
27. fxe5 Kf8 28. Rxc5 Rxc5 29. Rd5 Rc1+ 30. Rd1 Bg5 31. Kg2 Rxd1 32. Bxd1 Bf4
33. e6 fxe6 34. a4 Be5 35. axb5 axb5 36. Be2 Bxb2 37. Bxb5 e5 38. Bd3 g5 39. f3
Ba3 40. h3 Be7 1/2-1/2

[Event "European Championship"]
[Site "Plovdiv BUL"]
[Date "2012.03.21"]
[Round "2"]
[White "Sutovsky, Emil"]
[Black "Swiercz, Dariusz"]
[Result "1/2-1/2"]
[WhiteElo "2700"]
[BlackElo "2565"]
[PlyCount "61"]
[EventDate "2012.03.20"]
[EventRounds "11"]
[EventCountry "BUL"]

1. e4 c5 2. Nf3 d6 3. d4 cxd4 4. Nxd4 Nf6 5. Nc3 a6 6. h3 e6 7. g4 Nc6 8. Be3
Be7 9. g5 Nd7 10. h4 O-O 11. Qd2 Nxd4 12. Bxd4 b5 13. O-O-O Bb7 14. a3 Nc5 15.
Qe3 Rc8 16. f4 Qc7 17. Rh2 e5 18. Bxc5 exf4 19. Qxf4 dxc5 20. Qxc7 Rxc7 21.
Rhd2 Bc6 22. Nd5 Ra7 23. e5 Re8 24. Bg2 Bf8 25. Re2 Rd7 26. h5 Red8 27. Red2
Re8 28. Re2 Red8 29. Red2 Re8 30. Re1 Red8 31. Red1 1/2-1/2

[Event "European Championship"]
[Site "Plovdiv BUL"]
[Date "2012.03.22"]
[Round "3"]
[White "Dreev, Aleksey"]
[Black "Ernst, Sipke"]
[Result "1-0"]
[WhiteElo "2698"]
[BlackElo "2578"]
[PlyCount "81"]
[EventDate "2012.03.20"]
[EventRounds "11"]
[EventCountry "BUL"]

1. d4 d5 2. c4 c6 3. Nf3 Nf6 4. e3 Bg4 5. Nc3 e6 6. Qb3 Qb6 7. Nh4 Bh5 8. h3
Qxb3 9. axb3 Na6 10. g4 Nb4 11. Ke2 g5 12. gxh5 gxh4 13. Kf3 Rg8 14. Bd2 Rg5
15. c5 e5 16. dxe5 Nd7 17. Na4 a5 18. Nb6 Nxb6 19. cxb6 Rf5+ 20. Ke2 Rxe5 21.
Rg1 d4 22. Rg8 Rb5 23. Kf3 Rxb6 24. Bc4 c5 25. Kg2 dxe3 26. Bxe3 O-O-O 27. Rxa5
Na6 28. Bxf7 Bh6 29. Bxc5 Rxg8+ 30. Bxg8 Nxc5 31. Rxc5+ Kd8 32. Rf5 Bg7 33. Rf7
Bxb2 34. Rxh7 Bd4 35. Bd5 Rf6 36. f3 b6 37. Kf1 Ke8 38. Ke2 Rf5 39. Be4 Rg5 40.
h6 Kf8 41. Rd7 1-0